Statistics for Olympics Host Cities

Click here to take the quiz!

General Stats

  • This quiz has been taken 25 times
  • The average score is 23 of 28

Answer Stats

Answer% Correct
2012London
100%
1908London
100%
1948London
100%
1924Paris
100%
1900Paris
100%
1896Athens
95%
2004Athens
95%
1960Rome
95%
1992Barcelona
86%
1936Berlin
86%
1968Mexico City
86%
2016Rio de Janeiro
86%
1932Los Angeles
82%
1984Los Angeles
82%
2000Sydney
82%
1964Tokyo
82%
1980Moscow
77%
1972Munich
77%
1996Atlanta
73%
2008Beijing
73%
1952Helsinki
73%
1976Montreal
73%
1912Stockholm
73%
1928Amsterdam
68%
1920Antwerp
68%
1988Seoul
68%
1956Melbourne
59%
1904St Louis
59%

Score Distribution

Percentile by Number Answered

Percent of People with Each Score

Your Score History

You have not taken this quiz